| 000 | 00451nam a2200181 4500 | ||
|---|---|---|---|
| 003 | SEACOMMC | ||
| 005 | 20250804114552.0 | ||
| 008 | 250804b |||||||| |||| 00| 0 eng d | ||
| 020 | _a9788132104421 | ||
| 040 | _aSEACOMMC | ||
| 082 |
_a658.4012 _bB163 |
||
| 100 | _aBaisya, Rajat Kanti. | ||
| 245 | _aWinning strategies for business. | ||
| 260 |
_aNew Delhi _bSage Publications _c2010 |
||
| 300 | _axxvii | ||
| 650 | _aManagement | ||
| 942 | _cBOOK | ||
| 999 |
_c1227 _d1227 |
||